000 01850nam a22002537a 4500
999 _c62568
_d62568
003 Ge_BSU
005 20241209125955.0
008 241209s2017 ge ||||| |||| 00| 0 geo d
020 _a9789941279294
041 _ageo
080 _a631.3(075.8) ფ-97
100 _aფუტკარაძე, ზ.
_923910
245 _aმანქანა-ტრაქტორთა პარკის ექსპლუატაცია :
_bსახელმძღვანელო, სალექციო კურსი, მეთოდური მითითებები საკურსო პროექტისა და ლაბორატორიული სამუშაოების შესასრულებლად /
_c ზ. ფუტკარაძე, რ, მარგალიტაძე, მ. მამულაძე ; რედ.ელგუჯა შაფაქიძე
264 _aბათუმი :
_bთეგი,
_c2017.
300 _a220 გვ. :
_bნახ., ცხრ. ;
_c21 სმ.
504 _aბიბლიოგრაფია: გვ. 219-220.
653 _aმანქანა-ტრაქტორთა ექსპლუატაცია.
653 _aტრანსპორტი
700 _aმარგალიტაძე, რ.
_96245
700 _aმამულაძე, მ.
_911556
700 _aშაფაქიძე, ელგუჯა
_eრედაქტორი.
_916748
710 _aბათუმის შოთა რუსთაველის სახელმწიფო უნივერსიტეტი. ტექნოლოგიური ფაკულტეტი. აგროტექნოლოგიისა და აგროინჟინერიის დეპარტამენტი.
_922190
942 _2udc
_cBK